Das chromaffine System der Harnblase des Menschen, mit besonderer Berücksichtigung der Innervation
Elmentve itt :
| Szerző: | |
|---|---|
| Dokumentumtípus: | Cikk |
| Sorozat: | Kolligátum
|
| Online Access: | http://misc.bibl.u-szeged.hu/27285 |
| LEADER | 00536nab a2200145 i 4500 | ||
|---|---|---|---|
| 001 | misc27285 | ||
| 005 | 20191108150522.0 | ||
| 008 | 170824suuuu hu o 0|| zxx d | ||
| 040 | |a SZTE Miscellanea Repozitórium |b hun | ||
| 041 | |a zxx | ||
| 100 | 1 | |a Bakay L. v. | |
| 245 | 1 | 4 | |a Das chromaffine System der Harnblase des Menschen, mit besonderer Berücksichtigung der Innervation |h [elektronikus dokumentum] / |c Bakay L. v. |
| 300 | |a 131-142 | ||
| 490 | 0 | |a Kolligátum | |
| 856 | 4 | 0 | |u http://misc.bibl.u-szeged.hu/27285/1/020_004_131-142.pdf |z Dokumentum-elérés |